000 00915cab a22001935a 4500
001 L155030
008 120220e20120217xxk 000 0 eng d
035 _a(Sirsi) u155030
041 0 _aeng
100 1 _aHatcher, David
245 0 0 _aRegions to be woeful
260 _c2012
490 0 _aProperty Week
_v78 (07) 17 February 2012, Sheds supplement, 4-5(2)
520 _aTake-up of big sheds was disastrous in 2011. Provides a regional breakdown of the shed market based on Jones Lang LaSalle research. An increased focus is expected on the integration of different modes of transport and rail-connected ports. No-one is doing any speculative building of any scale in this sector. However there still an estimated 24m sq ft of active requirements for distribution units in the south-east and the Midlands.
590 _aKA
651 4 _aUnited Kingdom
_y
690 _aCommercial property
_96227
942 _n0
999 _c83789
_d83789